000 00744nam a22002057a 4500
005 20100812152353.0
010 _aENG-100076
020 _c95.00
_a9788190863247
035 _aEN-83608
037 _bDBAD/PUB
082 _a808.9
100 _aGopi, P.
_911961
245 _aIndiannism, regionalism and humanism in the selected novels /
_cby P. Gopi
260 _aChennai
_bSaru Publication
_c2009
270 _a15, K. S. Mani Street Choolaimedu,
_bChennai
_e600094
300 _a103p.
_c20cm (pbk)
500 _aIncludes bibliographical references
942 _2ddc
_cEN
_h808.9
_mGOP
999 _c41420
_d41420